000 00787nam a22002057a 4500
999 _c11353
_d11353
003 AR-CdUCM
008 190403b ||||| |||| 00| 0 spa d
040 _aMUNICIPALIDAD PROVINCIAL DEL CUSCO
_cBIBLIOTECA MUNICIPAL DEL CUSCO
082 _a349.8 /
_bT88 / 1949
100 _aTudela, Felipe
_928680
245 _aLas comunidades indígenas, la constitución del estado y el mundo histórico occidental /
260 _aLima :
_bSanta María,
_c1949.
300 _a19 páginas ;
_c19 cm.
505 _aContenido : Índole del problema -- El concepto del mundo histórico occidental y el Perú -- Sociedades progresistas y sociedades estacionarias ...
650 _aComunidades
_97021
650 _aCampesinas
_928681
650 _aEstado
_9738
942 _2ddc
_cLIBROS
945 _arah